Statistics for Countries without an 'a' or 'e' in their name

Click here to take the quiz!

General Stats

  • This quiz has been taken 78 times
    (38 since last reset)
  • The average score is 5 of 8

Answer Stats

Answer% Correct
Fiji
81%
Kosovo
75%
Morocco
75%
Togo
75%
Burundi
63%
Djibouti
63%
Cyprus
56%
Comoros
38%

Score Distribution

Percentile by Number Answered

Percent of People with Each Score

Your Score History

You have not taken this quiz since the last reset